| 000 -ლიდერი |
| ფიქსირებული სიგრძის საკონტროლო ველი |
00944nam a2200229Ia 4500 |
| 001 - საკონტროლო ნომერი |
| საკონტროლო ველი |
6141 |
| 003 - საკონტროლო ნომრის იდენტიფიკატორი |
| საკონტროლო ველი |
GE_BSU |
| 005 - ბოლო ოპერაციის თარიღი და დრო |
| საკონტროლო ველი |
20190628142547.0 |
| 008 - ფიქსირებული სიგრძის მონაცემთა ელემენტები - ზოგადი ინფორმაცია |
| ფიქსირებული სიგრძის საკონტროლო ველი |
181216s1987|||| |||||||||||||| ||geo|| |
| 041 ## - ენის კოდი |
| Language code of text/sound track or separate title |
geo |
| 080 ## - უნივერსალური ათობითი კლასიფიკაციის ინდექსი |
| Universal Decimal Classification number |
624.395(075.8) გ-12 |
| 100 ## - მთავარი ჩანაწერი - პიროვნების სახელი |
| Personal name |
გაბადაძე, მ. |
| 9 (RLIN) |
3042 |
| 245 ## - ცნობა სათაურის შესახებ |
| Title |
ავტომატური კომუტაცია : დამხმ. სახელმძღ. / |
| Statement of responsibility, etc |
მ. გაბადაძე ; ო. შამანაძე ; რედ. მ.ძიძიგური. |
| 264 ## - წარმოების, გამოცემის, დისტრიბუციის და სხვა ცნობები |
| გამოცემის, წარმოების, დისტრიბუციის... ადგილი |
თბილისი : |
| გამოცემის, წარმოების, დისტრიბუციის... სახელწოდება |
სპი, |
| გამოცემის, წარმოების, დისტრიბუციის... თარიღი |
1987. |
| 300 ## - ფიზიკური აღწერა |
| Extent |
58 გვ .: |
| Dimensions |
20 სმ;. |
| 504 ## - BIBLIOGRAPHY, ETC. NOTE |
| Bibliography, etc |
ბიბლიოგრ : გვ.56 |
| 653 ## - INDEX TERM--UNCONTROLLED |
| Uncontrolled term |
ავტომატური კომუტაცია |
| 653 ## - INDEX TERM--UNCONTROLLED |
| Uncontrolled term |
ტექნიკა |
| 700 ## - ADDED ENTRY--PERSONAL NAME |
| Personal name |
შამანაძე, ო |
| 9 (RLIN) |
3043 |
| 700 ## - ADDED ENTRY--PERSONAL NAME |
| Personal name |
ძიძიგური, მ |
| Relator term |
რედაქტორი |
| 9 (RLIN) |
472 |
| 942 ## - ADDED ENTRY ELEMENTS (KOHA) |
| Koha item type |
წიგნი |
| Source of classification or shelving scheme |
|